<?xml version="1.0" encoding="UTF-8"?>
<record
    xmlns:xsi="http://www.w3.org/2001/XMLSchema-instance"
    xsi:schemaLocation="http://www.loc.gov/MARC21/slim http://www.loc.gov/standards/marcxml/schema/MARC21slim.xsd"
    xmlns="http://www.loc.gov/MARC21/slim">

  <leader>03683cam a2200457   4500500</leader>
  <controlfield tag="005">20260524000738.0</controlfield>
  <datafield tag="041" ind1=" " ind2=" ">
    <subfield code="a">fre</subfield>
  </datafield>
  <datafield tag="042" ind1=" " ind2=" ">
    <subfield code="a">dc</subfield>
  </datafield>
  <datafield tag="100" ind1="1" ind2="0">
    <subfield code="a">Ahovi, Jonathan</subfield>
    <subfield code="e">author</subfield>
  </datafield>
  <datafield tag="700" ind1="1" ind2="0">
    <subfield code="a">Moro, Marie Rose</subfield>
    <subfield code="e">author</subfield>
  </datafield>
  <datafield tag="245" ind1="0" ind2="0">
    <subfield code="a">Apaiser les enfants. Une fonction parentale singuli&#xE8;re et universelle</subfield>
  </datafield>
  <datafield tag="260" ind1=" " ind2=" ">
    <subfield code="c">2011.
							</subfield>
  </datafield>
  <datafield tag="500" ind1=" " ind2=" ">
    <subfield code="a">80</subfield>
  </datafield>
  <datafield tag="520" ind1=" " ind2=" ">
    <subfield code="a">R&#xE9;sum&#xE9;Apaiser les b&#xE9;b&#xE9;s, les enfants et les adolescents requiert une construction de la parentalit&#xE9; qui s&#x2019;appuie sur ses propres repr&#xE9;sentations psychiques, sociales et culturelles. &#xC0; partir de l&#x2019;exp&#xE9;rience clinique transculturelle et des recherches dans ce domaine, ce travail montre l&#x2019;importance de ces processus intrapsychiques, intersubjectifs et collectifs et en tire les cons&#xE9;quences pour la pr&#xE9;vention et les soins pendant la grossesse et au cours de la mise en place des interactions pr&#xE9;coces parents-enfants. Apaiser les enfants et les faire grandir harmonieusement sont donc deux fonctions &#xE0; la fois singuli&#xE8;res et universelles des parents d&#x2019;o&#xF9; qu&#x2019;ils viennent. Respecter leur mani&#xE8;re de penser et de faire est un gage de leur efficacit&#xE9; symbolique et r&#xE9;elle.</subfield>
  </datafield>
  <datafield tag="520" ind1=" " ind2=" ">
    <subfield code="a">Soothing children: a singular and universal parental functionThe task of soothing infants and easing children and adolescents requires a construction of parenthood that is grounded in the person&#x2019;s own mental, social and cultural representations. Starting from trans-cultural clinical experience and research in this area, this work shows the importance of intra-psychic, intra-subjective and collective processes, and draws conclusions with respect to prevention and care, both during pregnancy and in the course of the establishment of the early parent-child interactions. Soothing and easing children, and enabling them to grow up harmoniously are thus two parental functions that are both singular and universal, whatever the parental background. Respecting parents&#x2019; ways of thinking and doing is the key to their efficacy, both real and symbolic.</subfield>
  </datafield>
  <datafield tag="520" ind1=" " ind2=" ">
    <subfield code="a">Sosegar a los ni&#xF1;os. Una funci&#xF3;n de los padres singular y universalSosegar a los beb&#xE9;s, a los ni&#xF1;os y a los adolescentes supone una construcci&#xF3;n de la parentalidad que se apoya sobre sus propias representaciones s&#xED;quicas, sociales y culturales. A partir de la experiencia cl&#xED;nica transcultural y de las investigaciones en este dominio, este trabajo muestra la importancia de dichos procesos intras&#xED;quicos, intersubjetivos y colectivos y saca de ello las consecuencias para la prevensi&#xF3;n y los tratamientos durante el embarazo y durante el establecimiento de las interacciones precoces padres- hijos. Sosegar a los ni&#xF1;os y hacerlos crecer en plena harmonia son pues dos funciones a la vez singulares y universales de los padres de donde quiera que vengan. Respetar su manera de pensar y de actuar es una prueba de su eficacia simb&#xF3;lica y real.</subfield>
  </datafield>
  <datafield tag="690" ind1=" " ind2=" ">
    <subfield code="a">accouchement</subfield>
  </datafield>
  <datafield tag="690" ind1=" " ind2=" ">
    <subfield code="a">culture</subfield>
  </datafield>
  <datafield tag="690" ind1=" " ind2=" ">
    <subfield code="a">ethnopsychiatrie</subfield>
  </datafield>
  <datafield tag="690" ind1=" " ind2=" ">
    <subfield code="a">exil&#xE9;</subfield>
  </datafield>
  <datafield tag="690" ind1=" " ind2=" ">
    <subfield code="a">grossesse</subfield>
  </datafield>
  <datafield tag="690" ind1=" " ind2=" ">
    <subfield code="a">interactions pr&#xE9;coces</subfield>
  </datafield>
  <datafield tag="690" ind1=" " ind2=" ">
    <subfield code="a">m&#xE8;re</subfield>
  </datafield>
  <datafield tag="690" ind1=" " ind2=" ">
    <subfield code="a">migrant</subfield>
  </datafield>
  <datafield tag="690" ind1=" " ind2=" ">
    <subfield code="a">parentalit&#xE9;</subfield>
  </datafield>
  <datafield tag="690" ind1=" " ind2=" ">
    <subfield code="a">p&#xE9;rinatalit&#xE9;</subfield>
  </datafield>
  <datafield tag="690" ind1=" " ind2=" ">
    <subfield code="a">pr&#xE9;vention</subfield>
  </datafield>
  <datafield tag="690" ind1=" " ind2=" ">
    <subfield code="a">child-birth</subfield>
  </datafield>
  <datafield tag="690" ind1=" " ind2=" ">
    <subfield code="a">culture</subfield>
  </datafield>
  <datafield tag="690" ind1=" " ind2=" ">
    <subfield code="a">early interactions</subfield>
  </datafield>
  <datafield tag="690" ind1=" " ind2=" ">
    <subfield code="a">ethnopsychiatry</subfield>
  </datafield>
  <datafield tag="690" ind1=" " ind2=" ">
    <subfield code="a">exile</subfield>
  </datafield>
  <datafield tag="690" ind1=" " ind2=" ">
    <subfield code="a">migrant</subfield>
  </datafield>
  <datafield tag="690" ind1=" " ind2=" ">
    <subfield code="a">mother</subfield>
  </datafield>
  <datafield tag="690" ind1=" " ind2=" ">
    <subfield code="a">parenthood</subfield>
  </datafield>
  <datafield tag="690" ind1=" " ind2=" ">
    <subfield code="a">perinatal period</subfield>
  </datafield>
  <datafield tag="690" ind1=" " ind2=" ">
    <subfield code="a">pregnancy</subfield>
  </datafield>
  <datafield tag="690" ind1=" " ind2=" ">
    <subfield code="a">prevention</subfield>
  </datafield>
  <datafield tag="786" ind1="0" ind2=" ">
    <subfield code="n">L'autre | Volume 12 | 3 | 2011-10-01 | p. 267-277 | 1626-5378</subfield>
  </datafield>
  <datafield tag="856" ind1="4" ind2="1">
    <subfield code="u">https://shs.cairn.info/revue-l-autre-2011-3-page-267?lang=fr&amp;redirect-ssocas=7080</subfield>
  </datafield>
  <datafield tag="999" ind1=" " ind2=" ">
    <subfield code="c">2253216</subfield>
    <subfield code="d">2253216</subfield>
  </datafield>
</record>
